Central Library OPAC University of Rajshahi

Political involvement of India's trade unions : (Record no. 40848)

MARC details
000 -LEADER
fixed length control field 01000nam a2200253 a 4500
001 - CONTROL NUMBER
control field 40848
003 - CONTROL NUMBER IDENTIFIER
rucl marc code BD-RjUL
005 - DATE AND TIME OF LATEST TRANSACTION
control field 20211209053303.0
008 - FIXED-LENGTH DATA ELEMENTS--GENERAL INFORMATION
fixed length control field 160511s1967 nyu b 001 0 eng d
035 ## - SYSTEM CONTROL NUMBER
System control number (BD-RjUL)40963
System control number 115348
040 ## - CATALOGING SOURCE
Original cataloging agency ANL
Language of cataloging eng
Transcribing agency ANL
Modifying agency ANL:NR
041 ## - LANGUAGE CODE
Language code of text/sound track or separate title eng
082 04 - DEWEY DECIMAL CLASSIFICATION NUMBER
Classification number 322.20954
Author mark and year RAP 1967
100 1# - MAIN ENTRY--PERSONAL NAME
Personal name Raman, N. Pattabhi
Dates associated with a name 1932-
9 (RLIN) 125709
245 10 - TITLE STATEMENT
Title Political involvement of India's trade unions :
Remainder of title a case study of the anatomy of the political labor movement in Asia //
Statement of responsibility, etc. by N. Pattabhi Raman.
260 ## - PUBLICATION, DISTRIBUTION, ETC. (IMPRINT)
Place of publication, distribution, etc. New York :
Name of publisher, distributor, etc. Asia Pub. House,
Date of publication, distribution, etc. c1967.
300 ## - PHYSICAL DESCRIPTION
Pagination x, 203 p. ;
Size 22 cm.
500 ## - GENERAL NOTE
General note "This book is based ... on a dissertation prepared for the doctoral award of the Graduate faculty of Political and Social Science, the New School for Social Research, New York City".
504 ## - BIBLIOGRAPHY, ETC. NOTE
Bibliography, etc Includes Bibliographical footnotes. and index
650 #0 - SUBJECT ADDED ENTRY--TOPICAL TERM
Topical term or geographic name as entry element Labor unions
Geographic subdivision India
General subdivision Political activity.
9 (RLIN) 125710
942 ## - ADDED ENTRY ELEMENTS (KOHA)
Source of classification or shelving scheme Dewey Decimal Classification
Koha item type Books
Holdings
Lost status Source of classification or shelving scheme Damaged status Not for loan Collection code Permanent Location Current Location Shelving location Date acquired Source of acquisition Cost, normal purchase price Total Checkouts Full call number Date last seen Copy number Koha item type
  Dewey Decimal Classification   Not For Loan Non-fiction Central Library, University of Rajshahi Central Library, University of Rajshahi Reading Room 13/05/1974 Ana book house 20.00   322.20954 RAP 1967 11/05/2016 C-1 Books